|
|
|
|
| LEADER |
00998nam a2200277 a 4500 |
| 001 |
32319 |
| 003 |
BD-DhAAL |
| 005 |
20171115114104.0 |
| 008 |
171115s1985 paua 001 0 eng |
| 999 |
|
|
|c 38576
|d 38576
|
| 010 |
|
|
|a 84005392
|
| 020 |
|
|
|a 0030640172
|
| 040 |
|
|
|a DLC
|c DLC
|d DLC
|d BD-DhAAL
|
| 050 |
0 |
0 |
|a QA184
|b .R66 1985
|
| 082 |
0 |
0 |
|a 512.55
|2 19
|
| 100 |
1 |
|
|a Roman, Steven.
|9 23768
|
| 245 |
1 |
3 |
|a An introduction to linear algebra with applications /
|c by Steven Roman.
|
| 260 |
|
|
|a Philadelphia :
|b Saunders College Pub.,
|c c1985.
|
| 300 |
|
|
|a xviii, 493, vii pages :
|b illustrations (some col.) ;
|c 25 cm.
|
| 500 |
|
|
|a Includes index.
|
| 526 |
|
|
|a MNS
|
| 541 |
|
|
|a STS International
|e 32319
|
| 650 |
|
0 |
|a Algebras, Linear.
|9 23769
|
| 740 |
0 |
|
|a Linear algebra.
|
| 942 |
|
|
|2 ddc
|c BK
|
| 952 |
|
|
|0 0
|1 0
|2 ddc
|4 0
|6 512_550000000000000_ROM
|7 0
|9 61868
|a BRACUL
|b BRACUL
|c GEN
|d 2017-11-14
|e STS International
|g 11500.00
|l 5
|m 56
|o 512.55 ROM
|p 3010032319
|r 2025-06-22
|s 2025-03-06
|t 1
|v 11500.00
|w 2017-11-14
|y BK
|